| 000 | 00600nam a2200229Ia 4500 | ||
|---|---|---|---|
| 003 | OSt | ||
| 005 | 20220924151827.0 | ||
| 006 | a|||||r|||| 00| 0 | ||
| 007 | ta | ||
| 008 | 220923b |||||||| |||| 00| 0 mar d | ||
| 024 | _a339269 | ||
| 037 | _cTextual | ||
| 040 |
_aARTS _cARTS _bmar |
||
| 041 |
_2mar _amar |
||
| 082 | _aI, 155B1 | ||
| 100 |
_aBhatavdekar Bhalchandra Krishan _9225056 |
||
| 245 | 0 | _aVanaspati shastrahi multatve | |
| 260 | _c1881 | ||
| 650 |
_aBOTANY _911716 |
||
| 942 |
_hI, 155B1 _cTEXL _2CC |
||
| 999 |
_c467787 _d467787 |
||